Lippincott's Hand book of Nursing Procedures (Record no. 7649)

MARC details
000 -LEADER
fixed length control field 00565nam a22002057a 4500
003 - CONTROL NUMBER IDENTIFIER
control field OSt
005 - DATE AND TIME OF LATEST TRANSACTION
control field 20220124110854.0
008 - FIXED-LENGTH DATA ELEMENTS--GENERAL INFORMATION
fixed length control field 220124b ||||| |||| 00| 0 eng d
020 ## - INTERNATIONAL STANDARD BOOK NUMBER
International Standard Book Number 0632006870
040 ## - CATALOGING SOURCE
Transcribing agency NLM
082 ## - DEWEY DECIMAL CLASSIFICATION NUMBER
Classification number WY100 L663m 1882
100 ## - MAIN ENTRY--PERSONAL NAME
Personal name Mary, E Scholes: Jane L.Wilson
9 (RLIN) 15642
245 ## - TITLE STATEMENT
Title Lippincott's Hand book of Nursing Procedures
260 ## - PUBLICATION, DISTRIBUTION, ETC. (IMPRINT)
Place of publication, distribution, etc. London:
Name of publisher, distributor, etc. Blackwell;
Date of publication, distribution, etc. 1882,
300 ## - PHYSICAL DESCRIPTION
Extent viii,371p.:
Other physical details ill;
Dimensions 18cm.
504 ## - BIBLIOGRAPHY, ETC. NOTE
Bibliography, etc Includes Index.
650 ## - SUBJECT ADDED ENTRY--TOPICAL TERM
Topical term or geographic name as entry element Nurses' Aides
9 (RLIN) 15643
650 ## - SUBJECT ADDED ENTRY--TOPICAL TERM
Topical term or geographic name as entry element Nursing Procedures.
9 (RLIN) 7359
942 ## - ADDED ENTRY ELEMENTS (KOHA)
Source of classification or shelving scheme Other/Generic Classification Scheme
Koha item type Book
Holdings
Withdrawn status Lost status Source of classification or shelving scheme Damaged status Not for loan Home library Current library Date acquired Source of acquisition Inventory number Total Checkouts Full call number Barcode Date last seen Price effective from Koha item type
    Other/Generic Classification Scheme     MUST Main Library MUST Main Library 24/01/2022 Purchase 14/38435   WY100 L663m 1882 2022-0101 24/01/2022 24/01/2022 Book